From Mandevilla to Marx (Record no. 500437)

MARC details
000 -LEADER
fixed length control field 00648nam a2200229Ia 4500
003 - CONTROL NUMBER IDENTIFIER
control field OSt
005 - DATE AND TIME OF LATEST TRANSACTION
control field 20220925181829.0
008 - FIXED-LENGTH DATA ELEMENTS--GENERAL INFORMATION
fixed length control field 220923b |||||||| |||| 00| 0 eng d
037 ## - SOURCE OF ACQUISITION
Terms of availability General Book
040 ## - CATALOGING SOURCE
Original cataloging agency RTL
Transcribing agency RTL
Language of cataloging eng
041 ## - LANGUAGE CODE
Source of code eng
Language code of text/sound track or separate title eng
100 ## - MAIN ENTRY--PERSONAL NAME
Personal name Dumont Louis
9 (RLIN) 14303
245 #0 - TITLE STATEMENT
Title From Mandevilla to Marx
Remainder of title The Genesis and Triumph of Economic Ideology
260 ## - PUBLICATION, DISTRIBUTION, ETC.
Place of publication, distribution, etc. Chicago
Name of publisher, distributor, etc. The University Press
Date of publication, distribution, etc. 1977
300 ## - PHYSICAL DESCRIPTION
Extent ix;236p
Dimensions cm.
500 ## - GENERAL NOTE
General note Appendix p139-228
942 ## - ADDED ENTRY ELEMENTS (KOHA)
Classification part Xv, L7
Koha item type General Books
Source of classification or shelving scheme Colon Classification (CC)
Holdings
Withdrawn status Lost status Damaged status Not for loan Home library Current library Date acquired Total Checkouts Full call number Barcode Date last seen Price effective from Koha item type
        Ratan Tata Library Ratan Tata Library 2022-09-25   Xv L7 RT0577836 2022-09-25 2022-09-25 General Books
Copyright @ Delhi University Library System